| 000 | 00519nam a22001817a 4500 | ||
|---|---|---|---|
| 999 |
_c190471 _d190471 |
||
| 005 | 20220726144838.0 | ||
| 010 | _aENG-133946 | ||
| 020 |
_c575.00 _a978-81-925571-1-3 |
||
| 035 | _aEN-117478 | ||
| 037 | _bDBAD/PUB | ||
| 082 | _a378 | ||
| 100 | _aJha, Vijay Nath | ||
| 245 |
_aWorld's first University: Takshila/ _cVijay Nath Jha |
||
| 260 |
_aAllahabad _bAnurag Publication _c2016 |
||
| 270 |
_a116/70, Lukerganj _bAllahabad _e211001 |
||
| 300 |
_a192p. _c21cm(hbk) |
||
| 942 |
_2ddc _cEN _h378 _mJHA |
||